UBT Library

Writing about literature / (Record no. 986)

000 -LEADER
fixed length control field 00505nam a22001937a 4500
008 - FIXED-LENGTH DATA ELEMENTS--GENERAL INFORMATION
fixed length control field 150604b xxu||||| |||| 00| 0 eng d
020 ## - INTERNATIONAL STANDARD BOOK NUMBER
International Standard Book Number 013081430X
041 0# - LANGUAGE CODE
Language code of text/sound track or separate title eng
080 ## - UNIVERSAL DECIMAL CLASSIFICATION NUMBER
Universal Decimal Classification number 003
100 1# - Rafti
Rafti Roberts, Edgar V.
245 10 - TITLE STATEMENT
Title Writing about literature /
Statement of responsibility, etc Edgar V. Roberts.
250 ## -
-- 9th ed.
260 ## -
-- Upper Saddle River, N.J. :
-- Prentice Hall,
-- c1999.
300 ## -
-- 400 f. ;
-- 23 cm.
650 #0 -
-- Gjuha Angleze
650 #0 -
-- Literaturë
650 #0 -
-- Shkrim akademik
942 ## - ADDED ENTRY ELEMENTS (KOHA)
Source of classification or shelving scheme
Item type Books
Holdings
Withdrawn status Lost status Source of classification or shelving scheme Damaged status Not for loan Collection code Permanent location Current location Shelving location Date acquired Total Checkouts Full call number Barcode Date last seen Koha item type
          Koleksioni i përgjithshem UBT - Lipjan UBT - Lipjan Koleksioni i përgjithshem 06/04/2015   003 ROB 002-008471 06/27/2017 Books
UBT Library © 2015-2024. All rights reserved University Education for Business and Technology